000 00799cac a22002651i 4500
003 EG-ScBUE
005 20230223060020.0
008 230223s1993 ja a f 001 0 eng d
020 _a4766107675
020 _a9784766107678
040 _aEG-ScBUE
_beng
_erda
_cEG-ScBUE
_dEG-ScBUE
082 0 4 _a744.424
_bARC
_222
245 0 0 _a120 architectural rendering.
246 3 _aone hundred twenty architectural rendering
264 1 _aJapan :
_bGraphic- Sha,
_c1993.
300 _a143 pages :
_billustrations (chiefly color) ;
_c31 cm
336 _2rdacontent
_atext
_btxt
337 _2rdamedia
_aunmediated
_bn
338 _2rdacarrier
_avolume
_bnc
500 _aIncludes index.
650 7 _aArchitectural rendering
_zJapan.
_2BUEsh
653 _bENGARC
655 _vReading book
942 _cBB
_2ddc
999 _c9691
_d9691